| 000 | 00390nam a22001337a 4500 | ||
|---|---|---|---|
| 082 |
_a671.734 _bMAR _cL-13, P-57 |
||
| 100 |
_aMetallisation Ltd, _945079 |
||
| 245 | _aThe mark 16 metal-spraying pistol. | ||
| 260 |
_aEngland: _bThe Indian Oxygen & Acetylene Co, Ltd. |
||
| 300 |
_a49 p,; _bill,: _c16cm |
||
| 526 |
_a0 _b0 _c0 _d671_734000000000000_MAR |
||
| 650 |
_aMCE _9379 |
||
| 942 |
_2ddc _cBK |
||
| 999 |
_c548679 _d548679 |
||